000 00692cab a22001935a 4500
001 L146422
008 090112e20090116xxk f 000 0 eng d
035 _a(Sirsi) u146422
041 0 _aeng
100 1 _aLever, Jon
245 0 0 _aAPC advice
260 _c2009
490 0 _aProperty Week
_v75(3) 16 January 2009, 52(1)
520 _aDiscusses the changes to the APC process and guidance to candidates which were revised in December 2008. Articles relates to Graduate Routes 1, 2 and 3 and Adaption 1 candidates only.
590 _aKA
651 4 _aUnited Kingdom
_y
690 _aCAREERS, EDUCATION AND TRAINING-QUALIFICATION ROUTES-ASSESSMENT OF PROFESSIONAL COMPETENCE
942 _n0
999 _c81147
_d81147